00600 a2200181 4500003000400000005001700004008004100021020001800062040000900080082001800089100002700107245004900134260003900183300000900222942004200231952012800273999001700401OSt20231216101349.0231216b |||||||| |||| 00| 0 eng d a9789352297641 coclc a891.43bPAN/S aPandey, Manager910142 aSAHITYA AUR ITIHAS DRISHTI /cManager Pandey aNew Delhi:bVani Prakashan,c2021. a237p 2ddccBKh891.43iPAN/Sk891.43mPAN/S 00102ddc40708LITaMESbMEScHINd2023-12-16l0o891.43 PAN/Sp43072r2023-12-16 10:15:54v695.00w2023-12-16yBKzGR6R3 c43438d43438